Beiträge zur Sexualforschung: Organ der Deutschen Gesellschaft für Sexualforschung
| Autor Corporativo: | |
|---|---|
| Tipo de documento: | Print Colección / Revista |
| Lenguaje: | Alemán |
| Publicado: |
Gießen
Psychosozial-Verl.
1952-
Stuttgart Enke früher Bonn Psychiatrie-Verlag teils |
| En: | Año: 1952 |
| Disponibilidad en Tübingen: | Disponible en Tübingen. IFK: S III |
| Verificar disponibilidad: | HBZ Gateway |
| Servicio de pedido Subito: | Pedir ahora. |
| Volúmenes / Artículos: | Mostrar volumes / artículos. |
| Palabras clave: |
MARC
| LEADER | 00000cas a2200000 c 4500 | ||
|---|---|---|---|
| 001 | 130216607 | ||
| 003 | DE-627 | ||
| 005 | 20260207123029.0 | ||
| 007 | tu | ||
| 008 | 931116c19529999gw z| m| 0 |0ger c | ||
| 015 | |a 08,A01,0866 |2 dnb | ||
| 016 | 7 | |a 012898554 |2 DE-101 | |
| 016 | 7 | |a 536802-9 |2 DE-600 | |
| 022 | |a 0067-5210 | ||
| 030 | |a BSXFA | ||
| 035 | |a (DE-627)130216607 | ||
| 035 | |a (DE-576)01576267X | ||
| 035 | |a (DE-599)ZDB536802-9 | ||
| 035 | |a (OCoLC)310976440 | ||
| 040 | |a DE-627 |b ger |c DE-627 |e rakwb | ||
| 041 | |a ger | ||
| 044 | |c XA-DE | ||
| 082 | 0 | 4 | |a 610 |a 150 |q DE-101 |
| 082 | 0 | 4 | |a 610 |q DE-600 |
| 084 | |a 44.74 |2 bkl | ||
| 084 | |a 77.85 |2 bkl | ||
| 210 | 1 | 0 | |a Beitr Sexualforsch |
| 222 | 0 | |a Beiträge zur Sexualforschung | |
| 245 | 0 | 0 | |a Beiträge zur Sexualforschung |b Organ der Deutschen Gesellschaft für Sexualforschung |
| 246 | 1 | |i Nebent. |a Reihe Beiträge zur Sexualforschung | |
| 264 | 3 | 1 | |a Gießen |b Psychosozial-Verl. |c 1952- |
| 264 | 2 | 1 | |a Stuttgart |b Enke |c früher |
| 264 | 2 | 1 | |a Bonn |b Psychiatrie-Verlag |c teils |
| 336 | |a Text |b txt |2 rdacontent | ||
| 337 | |a ohne Hilfsmittel zu benutzen |b n |2 rdamedia | ||
| 338 | |a Band |b nc |2 rdacarrier | ||
| 362 | 0 | |a H. 1.1952 - | |
| 363 | 0 | 1 | |a 1 |i 1952 |
| 515 | |a Ersch. unregelmäßig | ||
| 583 | 1 | |a Archivierung/Langzeitarchivierung gewährleistet |c 2020 |f PENW |2 pdager |5 DE-5 | |
| 583 | 1 | |a Archivierung/Langzeitarchivierung gewährleistet |f PEHE |2 pdager |5 DE-17 | |
| 655 | 7 | |a Monografische Reihe |0 (DE-588)4179998-7 |0 (DE-627)104628669 |0 (DE-576)209995106 |2 gnd-content | |
| 655 | 7 | |a Zeitschrift |0 (DE-588)4067488-5 |0 (DE-627)10454466X |0 (DE-576)20917000X |2 gnd-content | |
| 689 | 0 | 0 | |d s |0 (DE-588)4077394-2 |0 (DE-627)106080342 |0 (DE-576)209204966 |a Sexualwissenschaft |2 gnd |
| 689 | 0 | 1 | |d s |0 (DE-588)4116485-4 |0 (DE-627)105806315 |0 (DE-576)209501987 |a Sexualverhalten |2 gnd |
| 689 | 0 | 2 | |d s |0 (DE-588)4032844-2 |0 (DE-627)104493895 |0 (DE-576)208998896 |a Krankheit |2 gnd |
| 689 | 0 | 3 | |d s |0 (DE-588)4020555-1 |0 (DE-627)106317636 |0 (DE-576)208933859 |a Geschlechtsorgan |2 gnd |
| 689 | 0 | 4 | |d s |0 (DE-588)4038243-6 |0 (DE-627)104584963 |0 (DE-576)209029218 |a Medizin |2 gnd |
| 689 | 0 | |5 (DE-627) | |
| 710 | 2 | |a Deutsche Gesellschaft für Sexualforschung |e Herausgebendes Organ |0 (DE-588)2007579-0 |0 (DE-627)101590512 |0 (DE-576)191627410 |4 isb | |
| 776 | 1 | |x 3053-4704 | |
| 787 | 0 | 8 | |i 1-2=2; 6-7=3; 11=4; 16=5; 24=6; 28=7; 33-34=8; 41=9 von |a Deutsche Gesellschaft für Sexualforschung |t Vorträge gehalten auf dem ... Kongress der Deutschen Gesellschaft für Sexualforschung |d Stuttgart : Enke, 1952 |w (DE-627)129508217 |w (DE-600)209682-1 |w (DE-576)014914239 |
| 787 | 0 | 8 | |i 43=1967 von |t Symposion der Deutschen Gesellschaft für Sexualforschung |
| 889 | |w (DE-603)009581766 | ||
| 889 | |w (DE-627)436635054 | ||
| 935 | |a mteo |a FBGO | ||
| 935 | |i sdedup20220808 | ||
| 936 | b | k | |a 44.74 |j Sexualmedizin |q ARK |0 (DE-627)106407945 |
| 936 | b | k | |a 77.85 |j Sexualpsychologie |q ARK |0 (DE-627)10641643X |
| 936 | s | n | |a w200 |2 mzub |
| 936 | s | n | |a c200 |2 mzub |
| 951 | |a ST | ||
| ELC | |b 1 | ||
| LOK | |0 000 xxxxxcx a22 zn 4500 | ||
| LOK | |0 001 2118205953 | ||
| LOK | |0 003 DE-627 | ||
| LOK | |0 004 130216607 | ||
| LOK | |0 005 20120403155027 | ||
| LOK | |0 008 870727||||||||||||||||ger||||||| | ||
| LOK | |0 040 |a DE-21 |c DE-627 |d DE-21 | ||
| LOK | |0 852 |a DE-21 | ||
| LOK | |0 852 1 |9 00 | ||
| LOK | |0 866 |x NAK | ||
| LOK | |0 935 |a dika | ||
| LOK | |0 939 |a 1987-07-27 |b l01 | ||
| LOK | |0 000 xxxxxcx a22 zn 4500 | ||
| LOK | |0 001 2118205961 | ||
| LOK | |0 003 DE-627 | ||
| LOK | |0 004 130216607 | ||
| LOK | |0 005 20010123000000 | ||
| LOK | |0 008 990330||||||||||||||||ger||||||| | ||
| LOK | |0 040 |a DE-21-31 |c DE-627 |d DE-21-31 | ||
| LOK | |0 852 |a DE-21-31 | ||
| LOK | |0 852 1 |m p |9 00 | ||
| LOK | |0 938 |k p | ||
| LOK | |0 939 |a 1999-03-30 |b l01 | ||
| LOK | |0 000 xxxxxcx a22 zn 4500 | ||
| LOK | |0 001 211820597X | ||
| LOK | |0 003 DE-627 | ||
| LOK | |0 004 130216607 | ||
| LOK | |0 005 20091110112440 | ||
| LOK | |0 008 970131||||||||||||||||ger||||||| | ||
| LOK | |0 040 |a DE-21-35 |c DE-627 |d DE-21-35 | ||
| LOK | |0 852 |a DE-21-35 | ||
| LOK | |0 852 1 |c Einzelsignatur |m p |9 00 | ||
| LOK | |0 935 |a kneu | ||
| LOK | |0 938 |k p | ||
| LOK | |0 939 |a 1997-01-31 |b l01 | ||
| LOK | |0 000 xxxxxcx a22 zn 4500 | ||
| LOK | |0 001 2118205988 | ||
| LOK | |0 003 DE-627 | ||
| LOK | |0 004 130216607 | ||
| LOK | |0 005 20010123000000 | ||
| LOK | |0 008 990610||||||||||||||||ger||||||| | ||
| LOK | |0 040 |a DE-21-24 |c DE-627 |d DE-21-24 | ||
| LOK | |0 852 |a DE-21-24 | ||
| LOK | |0 852 1 |m p |9 00 | ||
| LOK | |0 938 |k p | ||
| LOK | |0 939 |a 1999-06-10 |b l01 | ||
| LOK | |0 000 xxxxxcx a22 zn 4500 | ||
| LOK | |0 001 2118205996 | ||
| LOK | |0 003 DE-627 | ||
| LOK | |0 004 130216607 | ||
| LOK | |0 005 20260216160746 | ||
| LOK | |0 008 940425||||||||||||||||ger||||||| | ||
| LOK | |0 040 |a DE-21-110 |c DE-627 |d DE-21-110 | ||
| LOK | |0 852 |a DE-21-110 | ||
| LOK | |0 852 1 |c S III |m p |9 00 | ||
| LOK | |0 935 |a k110 | ||
| LOK | |0 938 |k p | ||
| LOK | |0 939 |a 1994-04-25 |b l01 | ||
| LOK | |0 000 xxxxxcx a22 zn 4500 | ||
| LOK | |0 001 2118206003 | ||
| LOK | |0 003 DE-627 | ||
| LOK | |0 004 130216607 | ||
| LOK | |0 005 20050302000000 | ||
| LOK | |0 008 030307||||||||||||||||ger||||||| | ||
| LOK | |0 040 |a DE-21-51 |c DE-627 |d DE-21-51 | ||
| LOK | |0 852 |a DE-21-51 | ||
| LOK | |0 852 1 |m p |9 00 | ||
| LOK | |0 935 |a gesa |a k051 | ||
| LOK | |0 938 |k p | ||
| LOK | |0 939 |a 2003-03-07 |b l01 | ||
| LOK | |0 000 xxxxxcx a22 zn 4500 | ||
| LOK | |0 001 2522140000 | ||
| LOK | |0 003 DE-627 | ||
| LOK | |0 004 130216607 | ||
| LOK | |0 005 20061204153411 | ||
| LOK | |0 008 061204||||||||||||||||ger||||||| | ||
| LOK | |0 040 |a DE-21-43 |c DE-627 |d DE-21-43 | ||
| LOK | |0 852 |a DE-21-43 | ||
| LOK | |0 852 1 |m p |9 00 | ||
| LOK | |0 935 |a k043 |a kneu | ||
| LOK | |0 938 |k p | ||
| LOK | |0 939 |a 2006-12-04 |b l01 | ||
| LOK | |0 000 xxxxxcx a22 zn 4500 | ||
| LOK | |0 001 2579787445 | ||
| LOK | |0 003 DE-627 | ||
| LOK | |0 004 130216607 | ||
| LOK | |0 005 20080904082857 | ||
| LOK | |0 008 080904||||||||||||||||ger||||||| | ||
| LOK | |0 040 |a DE-21-1 |c DE-627 |d DE-21-1 | ||
| LOK | |0 852 |a DE-21-1 | ||
| LOK | |0 852 1 |m p |9 00 | ||
| LOK | |0 935 |a k001 |a i001 |a kneu | ||
| LOK | |0 938 |k p | ||
| LOK | |0 939 |a 2008-09-04 |b l01 | ||
| LOK | |0 000 xxxxxcx a22 zn 4500 | ||
| LOK | |0 001 260966219X | ||
| LOK | |0 003 DE-627 | ||
| LOK | |0 004 130216607 | ||
| LOK | |0 005 20090910102716 | ||
| LOK | |0 008 090910||||||||||||||||ger||||||| | ||
| LOK | |0 040 |a DE-21-52 |c DE-627 |d DE-21-52 | ||
| LOK | |0 852 |a DE-21-52 | ||
| LOK | |0 852 1 |m p |9 00 | ||
| LOK | |0 938 |k p | ||
| LOK | |0 939 |a 2009-09-10 |b l01 | ||
| LOK | |0 000 xxxxxcx a22 zn 4500 | ||
| LOK | |0 001 2626005908 | ||
| LOK | |0 003 DE-627 | ||
| LOK | |0 004 130216607 | ||
| LOK | |0 005 20100219152509 | ||
| LOK | |0 008 100219||||||||||||||||ger||||||| | ||
| LOK | |0 040 |a DE-21-123 |c DE-627 |d DE-21-123 | ||
| LOK | |0 852 |a DE-21-123 | ||
| LOK | |0 852 1 |m p |9 00 | ||
| LOK | |0 938 |k p | ||
| LOK | |0 939 |a 2010-02-19 |b l01 | ||
| LOK | |0 000 xxxxxcx a22 zn 4500 | ||
| LOK | |0 001 2750409993 | ||
| LOK | |0 003 DE-627 | ||
| LOK | |0 004 130216607 | ||
| LOK | |0 005 20130625114230 | ||
| LOK | |0 008 130625||||||||||||||||ger||||||| | ||
| LOK | |0 040 |a DE-21-32c |c DE-627 |d DE-21-32c | ||
| LOK | |0 852 |a DE-21-32c | ||
| LOK | |0 852 1 |m p |9 00 | ||
| LOK | |0 935 |a k32c |a i32c | ||
| LOK | |0 938 |k p | ||
| LOK | |0 939 |a 2013-06-25 |b l01 | ||
| LOK | |0 000 xxxxxcx a22 zn 4500 | ||
| LOK | |0 001 2118205015 | ||
| LOK | |0 003 DE-627 | ||
| LOK | |0 004 130216607 | ||
| LOK | |0 005 19930427000000 | ||
| LOK | |0 008 930427||||||||||||||||ger||||||| | ||
| LOK | |0 040 |a DE-Frei85 |c DE-627 |d DE-Frei85 | ||
| LOK | |0 852 |a DE-Frei85 | ||
| LOK | |0 852 1 |m p |9 00 | ||
| LOK | |0 938 |k p | ||
| LOK | |0 939 |a 1993-04-27 |b l01 | ||
| ORI | |a WA-MARC-krimdokb001.raw | ||
| SIG | |a IFK: S III | ||
| SPR | |a 1 |t KRI | ||
